| 000 | 00734cab a2200229 4500 | ||
|---|---|---|---|
| 001 | WB3335-02 | ||
| 008 | 090401t1997 xxu||||| |||| 00| 0 eng d | ||
| 035 | _a(Sirsi) u80733 | ||
| 041 | _aeng | ||
| 245 | _aOrders for new construction | ||
| 260 | _c1997 | ||
| 350 | _a0 | ||
| 490 |
_aDOETR Information Bulletin _v(341/ENV) 4 September 1997, (14) |
||
| 520 | _aTotal volume of new orders received in the three months May 1997 to July 1997 was five per cent lower than the previous three months. Includes new order statistics. | ||
| 650 | _aCONSTRUCTION WORK | ||
| 650 | _aNEW ORDERS | ||
| 650 | _aORDERS FOR NEW CONSTRUCTION | ||
| 650 | _aSTATISTICS | ||
| 690 | _aBUILT ENVIRONMENT | ||
| 942 | _n0 | ||
| 948 | _c09/09/1997 | ||
| 999 |
_c50827 _d50827 |
||